000 00428nam a2200169Ia 4500
008 130318s9999 xx 000 0 und d
020 _a132727412
082 _a004 LEW/E
100 _aLewis, Harry R
245 _aElements of the theory of computation
250 _a2
260 _bPHI Learning
_aNew Delhi
_c1998
300 _a162
650 _aCOMPER SCIENCE
650 _aCOMPUTATION
700 _aPapadimitriou, Christos H
999 _c162
_d162